00940nam a2200217 a 450000100100000000500170001000800410002704000250006808200210009310000230011424500340013726000400017130000470021159000260025865100560028465100720034065100720041291000370048495201840052199900170070500003094220240410103208.0110608s1965 dr r 000 0 spa d aDO-SdBNPbspacBNPHU a972.93054bS998d1 aSzulc, Tad.95745310aDominican diary /cTad Szulc. aNew York :bDelacorte Press,c1965. axxii, 306 p. :bil., fots., map. ;c22 cm. aInventariado, 2018/VM 0aRepública Dominicana --xHistoria --y1961-96572 4aEstados UnidosxRelaciones ExterioreszRepública Dominicana96309 4aRepública DominicanaxRelaciones ExterioreszEstados Unidos96308 aValidado. Control de calidad MFF 0010718PDaPDbPDcHDd2011-06-08iLF1l0o972.93054 S998dp30942-10r2020-06-25w2020-06-25yLFPDzPerteneció a la biblioteca personal de Germán Emilio Ornes.ZNo se presta c30434d30434